All Ed Sheeran Songs Over 1 Billion Streams - Statistics

General Stats
  • This quiz has been taken 26 times
  • The average score is 8 of 14
Answer Stats
Hint Song % Correct
4.41 Shape Of You
100%
3.48 Perfect
81%
2.80 Thinking out Loud
75%
2.00 (Justin Bieber) I Don't Care
69%
2.98 Photograph
69%
1.02 (Camila Cabello) Bam Bam
63%
1.86 Shivers
63%
1.95 Bad Habits
56%
1.48 (Khalid) Beautiful People
56%
1.48 Castle on the Hill
50%
1.06 The A Team
50%
1.45 Galway Girl
44%
1.41 Happier
38%
1.00 I See Fire
19%
No matching quizzes found
Score Distribution
Percent of People with Each Score
Percentile by Number Answered
Your Score History
You have not taken this quiz